Регионална библиотека "Любен Каравелов" - Русе

Каквото и да ви кажа - не ми вярвайте... (Запис номер 32528)

MARC детайли
000 -Лидер
Контролно поле с фиксирана дължина 02407nam a2200457 c 4500
003 - Код на организацията, давaща контролен номер
Контролно поле BLK
005 - Дата и час на последна редакция
Контролно поле 20180422100122.0
008 - Елементи от данни с фиксирана дължина
fixed length control field 180407b bul|||||r ||||||| ||bul||
010 ## - Наследен системен номер
LC control number KNG00035201000
020 ## - Международен стандартен номер на книга ISBN
Международен стандартен номер на книга ISBN 954-9761-13-4
-- издат.: Световит
040 ## - Източник на каталожния запис
Идентификатор на билиотеката - собственик на записа BLK
041 ## - Код за език
Код за езика на текст/звукозапис или на отделно заглавие Български
Код за езика КДБФ Български
080 ## - УДК
Текстов определител УДК Органи на обществения ред. Полиция. Обществена власт. Доброволни отреди. Държавна сигурност. Милиция. Дейност на полицията по вътрешно разузнаване
УДК код - определител по УДК 351.74
УДК определител (497.2)(092)(093)
УДК - код + определител 351.74(497.2)(092)(093)
080 ## - УДК
Текстов определител УДК Отрицателното отношение на населението към държавата. Несъгласие. Съпротива. Бунт. Вж и 329.73
УДК код - определител по УДК 323.22
УДК определител (497.2)(092)(093)
УДК - код + определител 323.22(497.2)(092)(093)
080 ## - УДК
Текстов определител УДК Редакционни работници. Журналисти
УДК код - определител по УДК 070.42
УДК определител (497.2)(093)
УДК - код + определител 070.42(497.2)(093)
080 ## - УДК
Текстов определител УДК
УДК код - определител по УДК 929 Мерджанов, Стоян Христов
УДК определител
УДК - код + определител 929 Мерджанов, Стоян Христов
100 1# - Редна дума - Автор
Автор Мерджанов, Стоян Христов
Авторска отговорност първи автор
R(LIN) 272346
139 ## - Редно поле
Редна дума Мерджанов, Стоян Христов
Авторски знак Мер - М 49
245 10 - Сведения за заглавието
Заглавие Каквото и да ви кажа - не ми вярвайте...
Подзаглавни данни Док. изповед
Редно поле (дума) Стоян Христов Мерджанов.
257 ## - Страна на издаване
Страна на създаване/издаване България
260 ## - Област на издателските данни
-- София
Име на издателя, разпространителя и проч. Световит
Година на издаване 2001
Печатница Враца : Полипринт
300 ## - Физическа характеристика
Страници 310 с.
Илюстрации и др. с факс., портр.
Размери/Мащаб 20 см
380 ## - Жанр
Жанр Обществени науки
490 1# - СЕРИИ (Колекции)
Име на серия Христо Калчев представя
500 ## - Общи забележки
Забележка Офс. изд.
600 14 - Име на лице, използвано като предмет
За него / За нея Мерджанов, Стоян Христов
9 (RLIN) 366831
650 #4 - Допълнително описание по предмет – тема
Основно описание – тема или топоним Държавна сигурност - България
9 (RLIN) 254494
650 #4 - Допълнително описание по предмет – тема
Основно описание – тема или топоним Политически репресии - България - история
9 (RLIN) 272347
650 #4 - Допълнително описание по предмет – тема
Основно описание – тема или топоним Журналисти, български - биографии
9 (RLIN) 265980
650 #4 - Допълнително описание по предмет – тема
Основно описание – тема или топоним Мерджанов, Стоян Христов
9 (RLIN) 366831
653 ## - Ключова дума – ненормативна
Ключова дума Стоян Мерджанов
653 ## - Ключова дума – ненормативна
Ключова дума журналисти
653 ## - Ключова дума – ненормативна
Ключова дума репресии
653 ## - Ключова дума – ненормативна
Ключова дума политически репресии
653 ## - Ключова дума – ненормативна
Ключова дума България
852 ## - Местоположение
Форматна сигнатура Цб 207431
856 4# - Електронен адрес и достъп
Електронен формат pdf - файл
Път до файла /url/
856 4# - Електронен адрес и достъп
Електронен формат pdf - файл
Път до файла /url/
942 ## - АРТИКУЛИ
Вид на библиотечния материал Книги
Скрит в OPAC Не
944 ## - СЪЗДАВАНЕ И РЕДАКЦИЯ на ЗАПИСА
Създаване/Редакция Създаване
Дата на регистрацията/редакция 11.04.2003
Служител, извършил регистрацията/редакцията AB_DOS
944 ## - СЪЗДАВАНЕ И РЕДАКЦИЯ на ЗАПИСА
Създаване/Редакция Редакция
Дата на регистрацията/редакция 11.04.2003
Служител, извършил регистрацията/редакцията
999 ## - СИСТЕМНИ КОНТРОЛНИ НОМЕРА
Koha biblionumber 32528
Koha biblioitemnumber 32528
Наличности
Код за отписване Код за изгубен артикул Източник на класификационната схема Код за повреда Коз за рестрикции Код за отдаване Артикулен № Име на библиотеката - собственик Име на библиотеката, в която се намира в момента Статус (Текущо местоположение) Дата на вписване в системата Местоположение - отдел Цена в лева Инвентарен номер Систематично азбучна сигнатура Баркод Номер на екземпляра Цена в евро Служебна бележка Служебен тип на артикула
Изтеглен Не е изгубен Universal Decimal Classification Не е повреден без рестрикции заемане за дома 52013 Регионална библиотека "Любен Каравелов" Русе Регионална библиотека "Любен Каравелов" Русе Заемна - подръчен фонд 2001-01-01 Заемна - подръчен фонд 6.50 662041 П 351/М 49 662041 1 3.32 Дост: Pk Вид: Ф N: стар фонд Дата: 01.01.2001 Книги
  Не е изгубен Universal Decimal Classification Не е повреден без рестрикции ползва се в читалня 52014 Регионална библиотека "Любен Каравелов" Русе Регионална библиотека "Любен Каравелов" Русе Хранилище 2001-01-01 Хранилище 6.50 664702 Цб 207431 120000664702 2 3.32 Дост: Dp Вид: Д N: 16 Дата: 01.01.2001 Книги
Vip Innovations Ltd, Rousse, Bulgaria 2025